书目信息 |
| 题名: |
神华集团党建史
|
|
| 作者: | ;神华集团党建史编纂委员会 编著 | |
| 分册: | 神东篇 | |
| 出版信息: | 北京 红旗出版社 2017 |
|
| 页数: | 376页 | |
| 开本: | 24cm | |
| 丛书名: | ||
| 单 册: | ||
| 中图分类: | D267.1 | |
| 科图分类: | ||
| 主题词: | 中国共产党--煤炭企业--党的建设--党史 | |
| 电子资源: | ||
| ISBN: | 978-7-5051-4150-6 | |
| 000 | 01203nam0 2200241 450 | |
| 001 | 012001005220 | |
| 005 | 20141008094811.0 | |
| 010 | @a978-7-5051-4150-6@dCNY98.00 | |
| 100 | @a20171222d2017 em y0chiy50 ea | |
| 101 | 0 | @achi |
| 102 | @aCN@b110000 | |
| 105 | @aa z 000yy | |
| 106 | @ar | |
| 200 | 1 | @a神华集团党建史@9shen hua ji tuan dang jian shi@i神东篇@f神华集团党建史编纂委员会[编著] |
| 210 | @a北京@c红旗出版社@d2017 | |
| 215 | @a376页@c照片@d24cm | |
| 330 | @a神华集团是中央直管国有重要骨干企业,是我国规模最大、现代化程度最高的煤炭企业和世界上最大的煤炭经销商。本书讲述了神华神东煤炭集团公司自创建之初至2016年企业党的建设史,共6章:第一章历史性伟大转折和世界级煤田的大发现;第二章开发模式的革命性突破与党的工作体制确立;第三章煤炭工业新纪元的开启和党的建设协同创新;第四章领航煤炭工业新变革与加强党的先进性建设;第五章建设世界一流煤炭企业与提高党建科学化水平;第六章适应经济发展新常态与落实全面从严治党。 | |
| 517 | 1 | @a神东篇@9shen dong pian |
| 606 | 0 | @a中国共产党@x煤炭企业@x党的建设@x党史 |
| 690 | @aD267.1@v5 | |
| 711 | 02 | @a神华集团党建史编纂委员会@9shen hua ji tuan dang jian shi bian zuan wei yuan hui@4编著 |
| 801 | 0 | @aCN@b上海新华@c20180901 |
| 905 | @b1173193-6@dD267.1@e304@f4 | |
| 神华集团党建史.神东篇/神华集团党建史编纂委员会[编著].-北京:红旗出版社,2017 |
| 376页:照片;24cm |
| ISBN 978-7-5051-4150-6:CNY98.00 |
| 神华集团是中央直管国有重要骨干企业,是我国规模最大、现代化程度最高的煤炭企业和世界上最大的煤炭经销商。本书讲述了神华神东煤炭集团公司自创建之初至2016年企业党的建设史,共6章:第一章历史性伟大转折和世界级煤田的大发现;第二章开发模式的革命性突破与党的工作体制确立;第三章煤炭工业新纪元的开启和党的建设协同创新;第四章领航煤炭工业新变革与加强党的先进性建设;第五章建设世界一流煤炭企业与提高党建科学化水平;第六章适应经济发展新常态与落实全面从严治党。 |
| ● |
| 相关链接 |
|
|
|
|
正题名:神华集团党建史
索取号:D267.1/304
 
预约/预借
| 序号 | 登录号 | 条形码 | 馆藏地/架位号 | 状态 | 备注 |
| 1 | 1173193 | 211731937 | 第一样本阅览室/ [索取号:D267.1/304] | 在馆 | |
| 2 | 1173194 | 211731946 | 密集书库-史法系/ [索取号:D267.1/304] | 在馆 | |
| 3 | 1173195 | 211731955 | 第一借阅区/ [索取号:D267.1/304] | 在馆 | |
| 4 | 1173196 | 211731964 | 第一借阅区/ [索取号:D267.1/304] | 在馆 |